Inventario de institutos y de capacitación en el campo del desarrollo en América Latina /

में बचाया:
ग्रंथसूची विवरण
निगमित लेखकों: OCDE, Consejo Latinoamericano de Ciencias Sociales CLACSO
स्वरूप: मूलपाठ
प्रकाशित: París: OCDE
टैग: टैग जोड़ें
कोई टैग नहीं, इस रिकॉर्ड को टैग करने वाले पहले व्यक्ति बनें!

MARC

LEADER 00000 a a2200000 04500
001 22623
003
040
090 |a 155000  
110 |a OCDE  
245 |a Inventario de institutos y de capacitación en el campo del desarrollo en América Latina /  |c OCDE  
260 |a París:   |b OCDE  
300 |a 329 p.  
710 |a Consejo Latinoamericano de Ciencias Sociales   |a CLACSO  
999 |c 16128  |d 16128